Population Living Abroad Quiz Stats

 Plays Quiz Updated Aug 2, 2017

Support Sporcle.
Go Orange.
Score 0/30 Timer 05:00
7 Plays Today
Pop. out of country Country % Correct
9,546,065China
97.6%
3,023,657United States of America
95.6%
15,575,724India
93.6%
4,917,460United Kingdom
93.4%
10,576,766Russia
92.6%
12,339,062Mexico
90.3%
4,045,411Germany
88.4%
2,145,975France
87.5%
2,900,924Italy
81.6%
5,935,193Pakistan
78.9%
4,449,789Poland
72.9%
3,268,970Egypt
71%
3,114,471Turkey
70.3%
3,876,739Indonesia
69.7%
2,345,840South Korea
66.5%
Pop. out of country Country % Correct
5,825,745Ukraine
64.7%
2,558,678Vietnam
64.3%
5,011,509Syria
64%
7,205,410Bangladesh
59%
5,316,320Philippines
58.3%
4,843,117Afghanistan
55.8%
2,306,321Portugal
55.4%
2,638,852Colombia
52.5%
3,408,118Romania
47.7%
2,834,641Morocco
42.1%
1,998,764Somalia
39.4%
2,881,797Myanmar
39%
4,075,738Kazakhstan
32.9%
1,991,040Uzbekistan
24%
3,551,185Palestine
16.6%

You're not logged in!

Compare scores with friends on all Sporcle quizzes.
OR
Log In
Forgot?

From the Vault

Big Adjectives II

by JoeBeta

This quiz isn't just good, it's exceptional.
Remove Ads.
Support Sporcle.
Get the best of Sporcle when you Go Orange. This ad-free experience offers more features, more stats, and more fun while also helping to support Sporcle. Thank you for becoming a member.

Show Comments

Extras

Top Quizzes Today


Score Distribution

Your Account Isn't Verified!

In order to create a playlist on Sporcle, you need to verify the email address you used during registration. Go to your Sporcle Settings to finish the process.

Report this User

Report this user for behavior that violates our Community Guidelines.

Details: